000
00211 a2200097 4500
001
7104
100
_a
Sturley, K.R
245
_a
Sound and television broadcasting
260
_a
_b
Iliffe
_c
090
_c
5874
_d
5874
942
_a
NUST-CAE
_c
M
_c
32349
999
_c
242177
_d
242177